Karl der Kühne - ein Porträt: strahlender Fürst mit tragischem Ende
Saved in:
| Main Author: | |
|---|---|
| Format: | Article (Journal) |
| Language: | German |
| Published: |
2008
|
| In: |
Damals
Year: 2008, Volume: 40, Issue: 5, Pages: 14-21 |
| ISSN: | 0011-5908 |
| Online Access: |
|
| Author Notes: | Klaus Oschema |
MARC
| LEADER | 00000caa a22000002c 4500 | ||
|---|---|---|---|
| 001 | 1631933639 | ||
| 003 | DE-627 | ||
| 005 | 20220815182243.0 | ||
| 007 | tu | ||
| 008 | 130516s2008 xx ||||| 00| ||ger c | ||
| 035 | |a (DE-627)1631933639 | ||
| 035 | |a (DE-576)382323750 | ||
| 035 | |a (DE-599)BSZ382323750 | ||
| 035 | |a (OCoLC)1341053521 | ||
| 040 | |a DE-627 |b ger |c DE-627 |e rakwb | ||
| 041 | |a ger | ||
| 084 | |a 63 |2 sdnb | ||
| 100 | 1 | |a Oschema, Klaus |d 1972- |0 (DE-588)129560316 |0 (DE-627)472718312 |0 (DE-576)188416277 |4 aut | |
| 245 | 1 | 0 | |a Karl der Kühne - ein Porträt |b strahlender Fürst mit tragischem Ende |c Klaus Oschema |
| 264 | 1 | |c 2008 | |
| 300 | |a 8 | ||
| 336 | |a Text |b txt |2 rdacontent | ||
| 337 | |a ohne Hilfsmittel zu benutzen |b n |2 rdamedia | ||
| 338 | |a Band |b nc |2 rdacarrier | ||
| 773 | 0 | 8 | |i In |t Damals |d Leinfelden-Echterdingen : Konradin, 1969 |g 40(2008), 5, Seite 14-21 |w (DE-627)130138983 |w (DE-600)512126-7 |w (DE-576)103275762 |x 0011-5908 |7 nnas |a Karl der Kühne - ein Porträt strahlender Fürst mit tragischem Ende |
| 773 | 1 | 8 | |g volume:40 |g year:2008 |g number:5 |g pages:14-21 |g extent:8 |a Karl der Kühne - ein Porträt strahlender Fürst mit tragischem Ende |
| 951 | |a AR | ||
| 992 | |a 20130516 | ||
| 993 | |a Article | ||
| 994 | |a 2008 | ||
| 998 | |g 129560316 |a Oschema, Klaus |m 129560316:Oschema, Klaus |d 70000 |d 72000 |d 72020 |e 70000PO129560316 |e 72000PO129560316 |e 72020PO129560316 |k 0/70000/ |k 1/70000/72000/ |k 2/70000/72000/72020/ |p 1 |x j |y j | ||
| 999 | |a KXP-PPN1631933639 |e 3283384835 | ||
| BIB | |a Y | ||
| SER | |a journal | ||
| JSO | |a {"type":{"bibl":"article-journal"},"language":["ger"],"origin":[{"dateIssuedDisp":"2008","dateIssuedKey":"2008"}],"relHost":[{"titleAlt":[{"title":"Zeitschrift für geschichtliches Wissen"},{"title":"Das aktuelle Magazin für Geschichte und Kultur"},{"title":"das Geschichtsmagazin"}],"pubHistory":["[1. Jahrgang], Heft 1 (Okt. 1969)-"],"id":{"issn":["0011-5908"],"eki":["130138983"],"zdb":["512126-7"]},"language":["ger"],"origin":[{"publisher":"Konradin ; Damals-Verlag ; Deutsche Verlags-Anstalt","dateIssuedKey":"1969","publisherPlace":"Leinfelden-Echterdingen ; Gießen ; Stuttgart","dateIssuedDisp":"1969-"}],"part":{"year":"2008","volume":"40","pages":"14-21","issue":"5","text":"40(2008), 5, Seite 14-21","extent":"8"},"disp":"Karl der Kühne - ein Porträt strahlender Fürst mit tragischem EndeDamals","title":[{"title":"Damals","subtitle":"das Magazin für Geschichte","title_sort":"Damals"}],"physDesc":[{"noteFormat":"28 cm"}],"type":{"bibl":"periodical"},"recId":"130138983"}],"recId":"1631933639","title":[{"title_sort":"Karl der Kühne - ein Porträt","subtitle":"strahlender Fürst mit tragischem Ende","title":"Karl der Kühne - ein Porträt"}],"person":[{"family":"Oschema","given":"Klaus","display":"Oschema, Klaus","role":"aut"}],"name":{"displayForm":["Klaus Oschema"]},"id":{"eki":["1631933639"]},"physDesc":[{"extent":"8 S."}]} | ||
| SRT | |a OSCHEMAKLAKARLDERKUE2008 | ||